=LDR 00000nam 2200000 4500 =001 INLIS000000000012353 =005 20130612103902 =008 ***********************************Ind** =035 ##$$0010-061300000012353 =041 ##$$a Ind =082 ##$$a 392.509 598 233 =090 ##$$a 392.509 598 233, Mur t =100 ##$$a Murtiadji, Sri Supadmi =245 ##$$a Tata Rias Pengantin gaya yogyakarta, R. sri supadmi Muntiadji =260 ##$$a 1993 $b Jakarta =650 ##$$a Adat =650 ##$$a Upacara perkawainan yogyakarta =850 ##$$a NBPNMAT